Normal view MARC view
  • MECHANICAL SCIENCES

Entry Topical Term

Number of records used in: 1

001 - CONTROL NUMBER

  • control field: 60999

003 - CONTROL NUMBER IDENTIFIER

  • control field: NUST

005 - DATE AND TIME OF LATEST TRANSACTION

  • control field: 20210628202652.0

008 - FIXED-LENGTH DATA ELEMENTS

  • fixed length control field: 210628|| aca||aabn | a|a d

040 ## - CATALOGING SOURCE

  • Original cataloging agency: NUST
  • Transcribing agency: NUST

150 ## - HEADING--TOPICAL TERM

  • Topical term or geographic name entry element: MECHANICAL SCIENCES

670 ## - SOURCE DATA FOUND

  • Source citation: Work cat.: (NUST): Lal, G.K Gupta, Vijay Iyengar, N.G.R Banerjee, B.N 60998, Mechanical sciences, 1998
© 2023 Central Library, National University of Sciences and Technology. All Rights Reserved.